Derecho administrativo / (Record no. 70133)

MARC details
000 -LEADER
campo de control de longitud fija 00561nam a2200181 i 4500
001 - NÚMERO DE CONTROL
campo de control 70133
003 - IDENTIFICADOR DE NÚMERO DE CONTROL
campo de control ES-MaACL
005 - FECHA Y HORA DE LA ÚLTIMA TRANSACCIÓN
campo de control 20230906170729.0
007 - CAMPO FIJO DE DESCRIPCIÓN FÍSICA--INFORMACIÓN GENERAL
campo de control de longitud fija t|
008 - DATOS DE LONGITUD FIJA--INFORMACIÓN GENERAL
campo de control de longitud fija 040719s1959 sp ||||1| spa d
100 1# - ENTRADA PRINCIPAL--NOMBRE DE PERSONA
Nombre de persona García Oviedo, Carlos.
9 (RLIN) 55069
245 10 - MENCIÓN DEL TÍTULO
Título Derecho administrativo /
Mención de responsabilidad, etc. Carlos García Oviedo.
250 ## - MENCION DE EDICION
Mención de edición 7ª ed.
Resto de la mención de edición por Enrique Martínez Useros.
260 ## - PUBLICACIÓN, DISTRIBUCIÓN, ETC.
Lugar de publicación, distribución, etc. Madrid :
Nombre del editor, distribuidor, etc. E.I.S.A.,
Fecha de publicación, distribución, etc. 1959 (
Lugar de fabricación/manufactura Murcia :
Fabricante Imp. Provincial)
300 ## - DESCRIPCIÓN FÍSICA
Extensión v. ;
Dimensiones 23 cm.
700 1# - ENTRADA AGREGADA--NOMBRE PERSONAL
Nombre de persona Martínez Useros, Enrique.
9 (RLIN) 78454
852 ## - LOCALIZACIÓN
Ubicación ES-MaACL
Número de control de estantería C-17196-7
Sublocalización o colección R.45445
Holdings
Estatus retirado Estado de pérdida Estado de daño No para préstamo Biblioteca de origen Biblioteca actual Ubicación en estantería Fecha de adquisición Fuente de adquisición Total de préstamos Signatura topográfica completa Código de barras Visto por última vez Precio de reemplazo Tipo de ítem Koha
        Biblioteca del Ateneo de Madrid Biblioteca del Ateneo de Madrid Mesetón 17/01/2008     C-17196-7 1073439 23/02/2023 23/02/2023 Libro impreso